00682 a2200193 4500000002100000001000700021005001700028008004100045020001800086082002200104100001900126245007600145260003000221300001000251630001200261690009500273999001700368952010300385BKB 14529720200902170923.0  a9780745329550 a973.0496073bH25R1 aHartnell, Anna1 aRewriting exodus: American futures from Du Bois to ObamacAnna Hartnell aLondonbPluto Pressc2011 a283p. aEnglish aAfrican Americans--Intellectual life; Bible.--New Testament; Race relations; United States c22944d22944 00104070aCURAJbCURAJd2014-05-19g0.00l0o973.0496073 H25Rp19201r2024-11-21w2020-09-02yBK